000 01488nam1a2200325 4500
001 RU\NLR\BIBL_A\022665570
005 20260405232602.0
010 _a978-5-907591-25-7
035 _a(NLR Aleph) 022665570
090 _a13498137
_c13498137
100 _a20251214 rusy50
101 0 _arus
102 _aRU
105 _a j
181 0 _ai
_baxxe
182 0 _an
200 1 _aИстория средних веков
_iЗападная Европа, Византия и ранний ислам
_e6 класс
_eучебник по истории средневековья
_eв 2 ч.
_fМ. Бойцов , Р. Шукуров
203 _aТекст
_bвизуальный
_cнепосредственный
210 _aЕкатеринбург
_cТипография ситипринт
_d2025-
215 _d21
225 1 _aРусская классическая школа
_eобразовательная система
606 1 _aСредние века
_jУчебники для средней школы
_xИстория
_9911240
_3RU\NLR\AUTH\6613108
686 1 _aТ3(0)4я72
700 1 _8rus
_7ca
_aБойцов
_bМ. А.
_f1961-
_gМихаил Анатольевич
_3RU\NLR\AUTH\77106391
_989316
701 1 _7ca
_8rus
_aШукуров
_bР. М.
_f1961-
_gРустам Мухаммадович
_9208328
_3RU\NLR\AUTH\770208382
852 _aNLR
_j2025-5/10025
942 _cBOOK
980 _aNB